Walking trips to shops in British cities (Record no. 4461)

MARC details
000 -LEADER
fixed length control field 00896cab a2200217 4500
001 - CONTROL NUMBER
control field ABS37884
008 - FIXED-LENGTH DATA ELEMENTS--GENERAL INFORMATION
fixed length control field 090401t1987 xxu||||| |||| 00| 0 eng d
035 ## - SYSTEM CONTROL NUMBER
System control number (Sirsi) u7391
041 ## - LANGUAGE CODE
Language code of text/sound track or separate title eng
100 ## - MAIN ENTRY--PERSONAL NAME
Personal name Guy, C.M.
245 ## - TITLE STATEMENT
Title Walking trips to shops in British cities
260 ## - PUBLICATION, DISTRIBUTION, ETC.
Date of publication, distribution, etc. 1987
350 ## - PRICE (NR) (BK AM CF MU VM SE) [OBSOLETE]
Price 0
490 ## - SERIES STATEMENT
Series statement Town Planning Review
Volume/sequential designation 58(1) June 1987, 63-79(17)
520 ## - SUMMARY, ETC.
Summary, etc. This paper examines the behaviour and needs of British shoppers who walk to shops. After an examination of existing published material, an empirical analysis of walking trips, based on research carried out in Cardiff is presented. The implications for local planning , particularly with regard to local shopping centres and convenience stores are discussed. References.
650 ## - SUBJECT ADDED ENTRY--TOPICAL TERM
Topical term or geographic name entry element PEDESTRIANS
690 ## - LOCAL SUBJECT ADDED ENTRY--TOPICAL TERM (OCLC, RLIN)
Topical term or geographic name as entry element PROPERTY-COMMERCIAL PROPERTY
700 ## - ADDED ENTRY--PERSONAL NAME
Personal name Wrigley, N.
942 ## - ADDED ENTRY ELEMENTS (KOHA)
Suppress in OPAC 0
948 ## - LOCAL PROCESSING INFORMATION (OCLC); SERIES PART DESIGNATOR (RLIN)
c (OCLC) 04/03/1997
Holdings
Withdrawn status Lost status Source of classification or shelving scheme Damaged status Not for loan Home library Current library Shelving location Date acquired Total Checkouts Full call number Barcode Date last seen Copy number Price effective from Koha item type
    Dewey Decimal Classification     London London Journal article 14/09/1999   ABS37884 7391-1001 06/08/2019 1 06/08/2019 Journal article